| Tag |
First Indicator |
Second Indicator |
Subfields |
| LEADER |
00000cam a2200000 4500 |
| 001 |
in00000099970 |
| 005 |
20210123063346.0 |
| 008 |
700421s1970 nyu b 00110 eng |
| 010 |
|
|
|a 73089684
|
| 020 |
|
|
|a 047139985X
|
| 035 |
|
|
|a (OCoLC)00066513
|
| 035 |
|
|
|9 AAL4133AM
|
| 040 |
|
|
|a DLC
|c DLC
|d TXA
|d UtOrBLW
|
| 049 |
|
|
|a TXAM
|c [485570]
|
| 050 |
0 |
0 |
|a TP155.7
|b .H52
|
| 082 |
0 |
|
|a 660/.284/01519
|
| 100 |
1 |
|
|a Himmelblau, David M.
|q (David Mautner),
|d 1923-2011.
|
| 245 |
1 |
0 |
|a Process analysis by statistical methods /
|c [by] David M. Himmelblau.
|
| 264 |
|
1 |
|a New York :
|b Wiley,
|c [1970]
|
| 300 |
|
|
|a xi, 463 pages ;
|c 28 cm.
|
| 336 |
|
|
|a text
|b txt
|2 rdacontent
|
| 337 |
|
|
|a unmediated
|b n
|2 rdamedia
|
| 338 |
|
|
|a volume
|b nc
|2 rdacarrier
|
| 504 |
|
|
|a Includes bibliographical references.
|
| 650 |
|
0 |
|a Chemical engineering
|x Statistical methods.
|
| 650 |
|
0 |
|a Chemical processes
|x Mathematical models.
|
| 999 |
|
|
|a MARS
|
| 999 |
f |
f |
|s 574d950b-5591-3b58-bd2e-55c4bea9f509
|i 43460007-70b1-300a-a525-2d396135d6fe
|t 0
|
| 952 |
f |
f |
|p normal
|a Texas A&M University
|b College Station
|c Sterling C. Evans Library
|d Evans: Library Stacks
|t 0
|e TP155.7 .H52
|h Library of Congress classification
|i unmediated -- volume
|m A14805597300
|
| 998 |
f |
f |
|a TP155.7 .H52
|t 0
|l Evans: Library Stacks
|